LEADER 00977nam a2200289 i 4500 001 991001726099707536 005 20020503152929.0 008 000908s1980 it ||| | ita 020 $a8802035164 035 $ab10264176-39ule_inst 035 $aEXGIL90504$9ExL 040 $aBiblioteca Interfacoltà$bita 082 0 $a916 100 1 $aGiglio, Carlo$0309499 245 12$aL'Africa /$cC. Giglio, R. Oliver, A. Atmore 260 $c[1980] 300 $aXVIII, 698 p., [50] c. di tav. :$bill., c. geogr. 490 0 $aNuova storia universale dei popoli e delle civiltà ;$v14 651 4$aAfrica 700 1 $aAtmore, Anthony 700 1 $aOliver, Roland Anthony 907 $a.b10264176$b17-02-17$c27-06-02 912 $a991001726099707536 945 $aLE002 St. XXI C 1 XIV$g1$iLE002-1335N/P4$lle002$o-$pE0.00$q-$rl$s- $t0$u0$v0$w0$x0$y.i10315287$z27-06-02 996 $aAfrica$9211544 997 $aUNISALENTO 998 $ale002$b01-01-00$cm$da $e-$fita$git $h2$i1